000
00344nam a2200133Ia 4500
008
100328s9999 xx 000 0 und d
082
_b
23235
100
_a
बेलसरे अरुण
245
_a
कोंडवा
260
_b
फिनिक्स
630
_a
कोंडवा
730
_a
कोंडवा
942
_c
BOOK
999
_c
516998
_d
516995